| 000 | 00319nam a22001217a 4500 | ||
|---|---|---|---|
| 082 |
_a621.8152 _bVAR/MA |
||
| 100 |
_aJohn, K.C _9266 |
||
| 100 |
_aVarghese, P.I _91274 |
||
| 245 | _aMachine Drawing Including Auto CAD: First Angle Projection | ||
| 250 | _a25th | ||
| 260 |
_aThrissur _bV.I.P Publishers _c2012 |
||
| 942 | _cBK | ||
| 999 |
_c13885 _d13885 |
||